000 00254nam a2200109Ia 4500
008 190216s9999||||xx |||||||||||||| ||und||
100 _aLiyo Tolstoy
245 0 _aSnehathinde Mugham
260 _bCurrent Books
650 _aMalayalam
942 _cBK
999 _c26517
_d26517